000
00191nam a2200085Ia 4500
008
120527s9999 xx 000 0 und d
100
_a
Boylan, Michael
245
_a
Business ethics
942
_c
BK
999
_c
27190
_d
27190